Statistics for Shortest International Borders

Click here to take the quiz!

General Stats

  • This quiz has been taken 35 times
  • The average score is 11 of 20

Answer Stats

kmCountriesmi% Correct
4France-Monaco3
97%
3Italy-Vatican City2
93%
39Italy-San Marino24
86%
57Andorra-France35
83%
64Andorra-Spain40
76%
35Austria-Liechtenstein22
76%
41Liechtenstein-Switzerland25
69%
19North Korea-Russia12
59%
60Qatar-Saudi Arabia37
59%
0.2Botswana-Zambia0.1
55%
25Croatia-Montenegro16
55%
19Morocco-Spain12
52%
1.2Spain-United Kingdom0.8
52%
16France-Netherlands6
48%
1.2Canada-Denmark0.8
41%
68Denmark-Germany42
38%
17Azerbaijan-Turkiye11
31%
35Armenia-Iran22
21%
58Djibouti-Somalia36
21%
62North Macedonia-Serbia39
7%

Score Distribution

Percentile by Number Answered

Percent of People with Each Score

Your Score History

You have not taken this quiz